00344nam a2200133Ia 4500008004100000020001800041041001200059100001500071245005300086250000800139260003100147300000900178650002300187221030s9999 xx 000 0 und d a9789386515049 aEnglish aM. P. Jain 0aIndian Constitutional Law 8th Ed.cby M. P. Jain a8th bLexis NexisaGurgaonc2018 a2059 aConstitutional Law